00571cam a22001813a 450000100060000000300060000600500170001200800410002904000150007004200070008510000180009224501290011026000290023950600300026851600200029883000290031885600420034743540PGUSA20140828084006.0130822s2013||||xxu|||||s|||||000 | eng d aPGUSAbeng adc1 aPaxton, J. D.10aLetters from Palestine :bWritten during a residence there in the years 1836, 7 and 8h[electronic resource] /cJ. D. Paxton bProject Gutenberg,c2013 aPublic domain in the USA. aElectronic text 0aProject Gutenbergv4354040uhttp://www.gutenberg.org/ebooks/43540